| 000 | 01352nam a2200277 a 4500 | ||
|---|---|---|---|
| 008 | |||
| 020 | _a9966831169 (pbk.) | ||
| 049 | _aMAIN | ||
| 090 |
_aHD6054.4.A35 _bBRA |
||
| 111 | 2 |
_aBrainstorming Meeting on Building Technical Capacity and Gender Advocacy of Young Professional Women in Africa _n(1st : _d1993 : _cNairobi, Kenya) |
|
| 245 | 1 | 0 |
_aProceedings of a Brainstorming Meeting on Building Technical Capacity and Gender Advocacy of Young Professional Women in Africa : _bJune 9-12, 1993, Nairobi, Kenya : a collaborative project of the United Nations Development Fund for Women (UNIFEM) and the African Academy of Sciences (AAS) / _c[editing and design by Annalee Ng'eny-Mengech] |
| 260 |
_aNairobi : _bUNIFEM : _bAAS, _c1994. |
||
| 300 |
_a87 p. : _bill. ; _c25 cm. |
||
| 504 | _aIncludes bibliographical references. | ||
| 650 | 0 |
_aWomen executives _xTraining of _zAfrica _xCongresses. |
|
| 700 | 2 | _aNgeny-Mengech, A. | |
| 710 | 2 | _aUnited Nations Development Fund for Women. | |
| 710 | 2 | _aAfrican Academy of Sciences. | |
| 710 | 2 | _aUNIFEM/AAS Project. | |
| 740 | 1 | 4 | _aBuilding technical capacity and gender advocacy of young professional African women. |
| 907 |
_a.b10086572 _b10-07-06 _c25-08-03 |
||
| 003 | |||
| 005 | 20230123133403.0 | ||
| 040 | _cNUST | ||
| 942 |
_cBOOKS _kHD6054.4.A35 _mBRA |
||
| 999 |
_c147716 _d147716 |
||